Name the alcohol Quiz Stats

 Plays Quiz not verified by Sporcle

Support Sporcle.
Go Orange.
Score 0/10 Timer 02:00
0 Plays Today
Slogan Brand % Correct
This bud's for youBudweiser
82.1%
Australian for beerFosters
72.6%
Triple filteredSmirnoff
69.5%
My goodness, My ...Guinness
31.4%
Do you have a ... side?WKD
24.2%
Seriously easy goingMalibu
23%
Head for the mountainsBusch
17.5%
Remix yourselfGordons
17.3%
Serve chilledBaileys
16.5%
Make mine a ..., please.Bacardi breezer
8.2%

You're not logged in!

Compare scores with friends on all Sporcle quizzes.
OR
Log In

From the Vault

Popes: Over/Under

by minshkins

Pop on over to the Vatican to test your knowledge of the Popes.
Remove Ads.
Support Sporcle.
Get the best of Sporcle when you Go Orange. This ad-free experience offers more features, more stats, and more fun while also helping to support Sporcle. Thank you for becoming a member.

Show Comments

Extras

Created Feb 10, 2011ReportNominate
Tags:Slogans Quiz, alcohol, brand

Top Quizzes Today


Score Distribution

Your Account Isn't Verified!

In order to create a playlist on Sporcle, you need to verify the email address you used during registration. Go to your Sporcle Settings to finish the process.

Report this User

Report this user for behavior that violates our Community Guidelines.

Details: